Microsolt VisualBasic Lập trình cơ sở dữ liệu 6.0
Làm quen, tìm hiểu VisualBasic; nhập môn lập trình; lập trình xử lý giao diện; xử lý tập tin; nhập môn về đồ họa; làm việc với tập tin tài nguyên; sử dụng DLL và Windows API; thêm trợ giúp(help) vào ứng dụng; thiết kế nhằm tối ưu hóa; các hạn chế của VisualBasic 6; lập trình hướng đối tượng; các thà...
Đã lưu trong:
| Príomhúdar: | |
|---|---|
| Údair Eile: | , , |
| Formáid: | Leabhar |
| Teanga: | Vietnamese |
| Foilsithe: |
Tp.HCM
Lao động xã hội
2007
|
| Sraith: | ấn bản dành cho sinh viên
|
| Ábhair: | |
| Clibeanna: |
Cuir Clib Leis
Gan Chlibeanna, Bí ar an gcéad duine leis an taifead seo a chlibeáil!
|
| Thư viện lưu trữ: | Mạng thư viện Đại học Đà Nẵng |
|---|
| LEADER | 02110nam a2200421 4500 | ||
|---|---|---|---|
| 001 | 000009403 | ||
| 003 | 5600 | ||
| 005 | 20111026161003.0 | ||
| 008 | 111026s2007 viesd | ||
| 020 | |c 38000đ | ||
| 041 | 0 | |a vie | |
| 082 | |a 005.26 |b NG-M | ||
| 100 | 0 | |a Nguyễn Thị Ngọc Mai | |
| 245 | 0 | |a Microsolt VisualBasic |b Lập trình cơ sở dữ liệu 6.0 |c Nguyễn Thị Ngọc Mai(chủ biên), Nguyễn Thị Kim Trang, Hoàng Đức Hải, Nguyễn Hữu Anh(Cố vấn khao học) | |
| 260 | |a Tp.HCM |b Lao động xã hội |c 2007 | ||
| 300 | |a 413 tr. |b bảng, hình vẽ |c 29 cm | ||
| 490 | |a ấn bản dành cho sinh viên | ||
| 500 | |a phụ chú ở cuối sách | ||
| 520 | |a Làm quen, tìm hiểu VisualBasic; nhập môn lập trình; lập trình xử lý giao diện; xử lý tập tin; nhập môn về đồ họa; làm việc với tập tin tài nguyên; sử dụng DLL và Windows API; thêm trợ giúp(help) vào ứng dụng; thiết kế nhằm tối ưu hóa; các hạn chế của VisualBasic 6; lập trình hướng đối tượng; các thành phần; internet; công cụ trong VB 6; ngôn ngữ trong VB 6; những khái niệm cơ bản về cơ sở dữ liệu; truy vấn; các đối tượng truy cập dữ liệu;,...... | ||
| 653 | |a tin học | ||
| 653 | |a Visual Basic 6.0 | ||
| 653 | |a Lập trình | ||
| 653 | |a Cơ sở dữ liệu | ||
| 700 | |a Nguyễn Thị Ngọc Mai |e chủ biên | ||
| 700 | |a Nguyễn Thị Kim Trang |e tác giả | ||
| 700 | |a Hoàng Đức Hải |e tác giả | ||
| 700 | |a Nguyễn Hữu Anh |e cố vấn khao học | ||
| 910 | |a Thanh |d 26/10/2011 | ||
| OWN | |a LSP | ||
| AVA | |a UDN50 |b LSP |d 005.26 NG-M |e available |t Error 5001 Not defined in file expand_doc_bib_avail. |f 2 |g 0 |h N |i 0 |k 1 | ||
| 999 | |a From the UDN01 | ||
| AVA | |a UDN50 |b LSP |d 005.26 NG-M |e available |t Error 5001 Not defined in file expand_doc_bib_avail. |f 2 |g 0 |h N |i 0 |k 1 | ||
| TYP | |a Monograph | ||
| TYP | |a Printed language | ||
| 980 | |a Mạng thư viện Đại học Đà Nẵng | ||